Общая геология: учебное пособие

Xehetasun bibliografikoak
Egile nagusia: Кныш С. К. Сергей Карпович
Erakunde egilea: Национальный исследовательский Томский политехнический университет (ТПУ)
Beste egile batzuk: Поцелуев А. А. Анатолий Алексеевич (редактор)
Gaia:В пособии приводятся общие сведения о Земле как планете Солнечной системы, ее положении в космическом пространстве. Дается характеристика важнейших геологических процессов, документами которых являются минералы, осадочные, магматические, метаморфические горные породы, геологические тела, складчатые и разрывные нарушения. Рассмотрены современные представления о причинах и меха­низме тектонических движений в земной коре. Кратко охарактеризованы главные тектонические структуры литосферы и история развития нашей планеты.Предназначено для студентов, обучающихся по направлению 130100 «При­кладная геология».
Hizkuntza:errusiera
Argitaratua: Томск, Изд-во ТПУ, 2015
Edizioa:2-е изд.
Gaiak:
Formatua: MixedMaterials Liburua
KOHA link:https://koha.lib.tpu.ru/cgi-bin/koha/opac-detail.pl?biblionumber=318511

MARC

LEADER 00000nam0a2200000 4500
001 318511
005 20231102003102.0
010 |a 9785438705499 
035 |a (RuTPU)RU\TPU\book\344009 
035 |a RU\TPU\book\122637 
090 |a 318511 
100 |a 20160427d2015 m y0rusy50 ca 
101 0 |a rus 
102 |a RU 
105 |a a j 001zy 
200 1 |a Общая геология  |e учебное пособие  |f С. К. Кныш  |g Национальный исследовательский Томский политехнический университет (ТПУ) ; под ред. А. А. Поцелуева 
205 |a 2-е изд. 
210 |a Томск  |c Изд-во ТПУ  |d 2015 
215 |a 205 с.  |c ил. 
320 |a Библиогр.: с. 202 
320 |a Предметный указатель: с. 195-201 
330 |a В пособии приводятся общие сведения о Земле как планете Солнечной системы, ее положении в космическом пространстве. Дается характеристика важнейших геологических процессов, документами которых являются минералы, осадочные, магматические, метаморфические горные породы, геологические тела, складчатые и разрывные нарушения. Рассмотрены современные представления о причинах и меха­низме тектонических движений в земной коре. Кратко охарактеризованы главные тектонические структуры литосферы и история развития нашей планеты.Предназначено для студентов, обучающихся по направлению 130100 «При­кладная геология». 
606 1 |a Геология  |2 stltpush  |3 (RuTPU)RU\TPU\subj\6095  |9 34054 
610 1 |a Вселенная 
610 1 |a Солнечная система 
610 1 |a Земля 
610 1 |a строение 
610 1 |a состав 
610 1 |a геологические процессы 
610 1 |a экзогенные процессы 
610 1 |a эндогенные процессы 
610 1 |a геохронология 
610 1 |a геологическое летоисчисление 
610 1 |a тектоносфера 
610 1 |a земная кора 
610 1 |a региональные структуры 
610 1 |a учебные пособия 
610 1 |a труды учёных ТПУ 
675 |a 55(075.8)  |v 3 
700 1 |a Кныш  |b С. К.  |c геолог  |c доцент Томского политехнического университета, кандидат геолого-минералогических наук  |f 1947-  |g Сергей Карпович  |2 stltpush  |3 (RuTPU)RU\TPU\pers\26835 
702 1 |a Поцелуев  |b А. А.  |c геолог  |c профессор Томского политехнического университета, доктор геолого-минералогических наук  |f 1952-  |g Анатолий Алексеевич  |2 stltpush  |3 (RuTPU)RU\TPU\pers\26071  |4 340 
712 0 2 |a Национальный исследовательский Томский политехнический университет (ТПУ)  |c (2009- )  |2 stltpush  |3 (RuTPU)RU\TPU\col\15902 
801 1 |a RU  |b 63413507  |c 20070410  |g PSBO 
801 2 |a RU  |b 63413507  |c 20210406  |g PSBO 
900 |a Общая геология 
900 |a Геология 
942 |c BK